|
|
|
|
| LEADER |
01887nam a2200433 a 4500 |
| 001 |
000757910 |
| 003 |
CZ BrMZK |
| 005 |
20050214105703.0 |
| 007 |
ta |
| 008 |
050104s2004 xr a erp 000 0 cze d |
| 015 |
|
|
|a cnb001494574
|
| 020 |
|
|
|a 80-7044-585-8
|q (brož.)
|
| 035 |
|
|
|a (OCoLC)85133010
|
| 040 |
|
|
|a BOA001
|b cze
|
| 072 |
|
7 |
|a 502
|x Životní prostředí a jeho ochrana
|2 Konspekt
|9 2
|
| 072 |
|
7 |
|a 37.016
|x Učební osnovy. Vyučovací předměty. Učebnice
|2 Konspekt
|9 22
|
| 080 |
|
|
|a 502.171:502.3
|2 MRF
|
| 080 |
|
|
|a 502/504
|2 MRF
|
| 080 |
|
|
|a 62:338.45
|2 MRF
|
| 080 |
|
|
|a (075.8)
|2 MRF
|
| 100 |
1 |
|
|a Richter, Miroslav,
|d 1948-
|7 jx20031223010
|4 lso
|
| 245 |
1 |
0 |
|a Technologie ochrany životního prostředí.
|n Část II,
|p Technologie ochrany ovzduší /
|c Miroslav Richter
|
| 246 |
3 |
0 |
|a Technologie ochrany ovzduší
|
| 250 |
|
|
|a Vyd. 1.
|
| 260 |
|
|
|a Ústí nad Labem :
|b Fakulta životního prostředí Univerzity J.E. Purkyně v Ústí nad Labem,
|c 2004
|
| 300 |
|
|
|a 115 s. :
|b il. ;
|c 30 cm
|
| 500 |
|
|
|a Nad názvem: Univerzita Jana Evangelisty Purkyně v Ústí nad Labem. Fakulta životního prostředí
|
| 500 |
|
|
|a 300 výt.
|
| 504 |
|
|
|a Obsahuje bibliografii
|
| 500 |
|
|
|a Dostupné též v digitální podobě v aplikaci Kramerius
|
| 650 |
0 |
7 |
|a ochrana ovzduší
|7 ph123663
|x environmentální aspekty
|2 czenas
|
| 650 |
0 |
7 |
|a průmyslové technologie
|7 ph124753
|2 czenas
|
| 655 |
|
7 |
|a učebnice vysokých škol
|7 fd133772
|2 czenas
|
| 710 |
2 |
|
|a Univerzita J.E. Purkyně v Ústí nad Labem.
|b Fakulta životního prostředí
|7 kn20010709357
|
| 856 |
4 |
1 |
|u http://www.digitalniknihovna.cz/mzk/uuid/uuid:ad3bd1b0-0093-11e6-8fbe-005056827e52
|y Digitalizovaný dokument
|x NDK
|
| 910 |
|
|
|a BOA001
|b 3-1144.855,2
|
| 990 |
|
|
|a BK
|
| 991 |
|
|
|b 200502
|c NOV
|
| 996 |
6 |
|
|b 2610237564
|c 3-1144.855,2
|l MZK
|r Sklad / do 1 hodiny
|n 7
|p p.v.
|w 000757910
|u 000010
|a 1
|e BOA001
|j MZK50
|s P
|